000 00592cam a22002053a 4500
001 34313
003 PGUSA
005 20140828083736.0
008 101113s2010||||xxu|||||s|||||000 | eng d
040 _aPGUSA
_beng
042 _adc
245 1 0 _aLiterature in the Making :
_bby some of its makers
_h[electronic resource] /
_cVarious
260 _bProject Gutenberg,
_c2010
506 _aPublic domain in the USA.
516 _aElectronic text
700 1 _aKilmer, Joyce,
_d1886-1918
830 0 _aProject Gutenberg
_v34313
856 4 0 _uhttp://www.gutenberg.org/ebooks/34313
942 _cEB
999 _c263568
_d263568